| 000 | 00504nam a22001697a 4500 | ||
|---|---|---|---|
| 003 | NUST | ||
| 038 | _aa | ||
| 082 | _a BIT-10 IDR | ||
| 100 |
_a M.Idris _993318 |
||
| 245 | _aNext generation fixed assets management system | ||
| 260 |
_aIslamabad _bNUST School of Electrical Engineering and Computer Science _c2013 |
||
| 300 |
_a 43p. : _e CD-ROM |
||
| 500 | _aSupervisor: Mr. Muhammad Bilal | ||
| 563 | _aa | ||
| 856 | _uhttp://10.250.8.41:8080/xmlui/handle/123456789/10902 | ||
| 942 |
_cTHE _2ddc |
||
| 999 |
_c12717 _d12717 |
||